000 00682nam a2200181Ia 4500
008 090123s9999 xx 000 0 und d
082 _b8409
100 _aसोवनी मधुकर वि.
245 _aमहाराष्ट्राच्या कालमुद्रा
250 _a1
300 _a670
600 _aसोवनी मधुकर वि.
630 _aमहाराष्ट्राच्या कालमुद्रा
700 _aसोवनी मधुकर वि.
700 _aसोवनी मधुकर वि.
730 _aमहाराष्ट्राच्या कालमुद्रा
942 _cBOOK
999 _c46475
_d46475